Представление документа в формате RUSMARC

ПолеНазваниеЗначение
  Тип записи a
  Библиографический уровень a
001 Контрольный номер RU/CBS_UL/BASE/b3c406e238fb4e2da6cbe368c28e2eec
005 Дата корректировки 20260317234150.2
100 Данные общей обработки __
a Данные общей обработки 20260317 ||| 0rusy0189 ca
101 Язык документа 0_
a Язык текста rus
102 Страна публикации __
a Страна публикации RU
200 Заглавие и сведения об ответственности 1_
a Заглавие Герой Советского Союза Борис Громов: Мечтал увидеть в Афганистане хоть кого-то из членов политбюро
e Сведения, относящиеся к заглавию [оценки военных событий войны в Афганистане]
f Первые сведения об ответственности Б.В. Громов
300 Общие примечания __
a Общие примечания 16+
461 Уровень набора _0
1 2000
a Родина
463 Уровень физической единицы _0
1 2000
a № 5
v С. 52-55 : фот.
1 2101
d 2021
1 001RU/CBS_UL/BASE/695229592
600 Персоналии _1
a Персоналии (Фамилия) Громов
b Персоналии (Имя, инициалы) Б.С.
606 Тематические рубрики 0_
a Основная рубрика Участие СССР в Афганской войне, 1979-1989 гг.
610 Ключевые слова 0_
a Ключевые слова история советская, войны, советско-афганские отношения, афганско-советские отношения, война в Афганистане, афганская война, советские войска, партийное, Герои Советского Союза, руководство, советские военачальники, военачальники, Три жизни одного человека (книги)
686 Индексы других классификаций __
2 Код системы rubbk
a Классификационный индекс 63.3(2)633-68
700 Автор _1
a Фамилия Громов
b Имя (инициалы) Б.В.
801 Источник записи _0
a Страна RU
b Организация МБУК ЦБС г. Ульяновска
c Дата составления 20260317
g Правила каталогизации RCR
801 Источник записи _1
a Страна RU
b Организация МБУК ЦБС г. Ульяновска
c Дата составления 20260317
g Правила каталогизации RCR
901 Тип документа __
t Тип документа b
w Контрольный № источника RU/CBS_UL/BASE/695229592
909 Создатель записи __
a Создатель записи lib1